Teoría del comercio internacional (Registro nro. 4532)

Detalles MARC
000 -CABECERA
campo de control de longitud fija 00949aam a2200313 4500
005 - FECHA Y HORA DE ACTUALIZACIÓN
campo de control 20161121153358.0
008 - LONGITUD FIJA
campo de control de longitud fija 150413b xxu||||| |||| 00| 0 spa d
041 ## - IDIOMA
Código de idioma del texto/pista de sonido o título separado
082 ## - CLASIFICACIÓN DECIMAL DEWEY
Número de clasificación 382 T693t
100 ## - AUTOR PERSONAL
Nombre de persona Torres Gaytan, Ricardo
245 ## - TÍTULO PROPIAMENTE DICHO
Título Teoría del comercio internacional
260 ## - PIE DE IMPRENTA
Lugar de publicación, distribución, etc. México
Nombre del editor, distribuidor, etc. Siglo XXI
Fecha de publicación, distribución, etc. 2005
300 ## - DESCRIPCIÓN FÍSICA
Extensión 467 páginas
650 ## - Materia General
Materia general COMERCIO INTERNACIONAL
650 ## - Materia General
Materia general MERCANTIL
650 ## - Materia General
Materia general TEORIA MONETARIA
650 ## - Materia General
Materia general HISTORIA
650 ## - Materia General
Materia general BALANZA DE PAGOS
650 ## - Materia General
Materia general PAGOS INTERNACIONALES
650 ## - Materia General
Materia general MERCADO DE CAMBIOS
650 ## - Materia General
Materia general TIPO DE CAMBIOS
650 ## - Materia General
Materia general SISTEMA MONETARIO
650 ## - Materia General
Materia general ESTABILIZACION CAMBIARIA
650 ## - Materia General
Materia general FONDO MONETARIO INTERNACIONAL
650 ## - Materia General
Materia general BALANCES COMPARATIVOS
650 ## - Materia General
Materia general ECONOMIA NACIONAL
650 ## - Materia General
Materia general INGRESO NACIONAL.
942 ## - Punto de Acceso Adicional Koha
Tipo de ítem Koha Libro
Existencias
Estado perdido Estado dañado No para préstamo Biblioteca permanente Biblioteca actual Signatura completa Código de barras Precio efectivo a partir del Tipo de ítem
      Departamento de Biblioteca y Documentación Alfonso Chase Brenes Departamento de Biblioteca y Documentación Alfonso Chase Brenes 382 T693t 13260 15/12/2016 Libro